Normal view
MARC view
Entry Nombre personal
001 - NÚMERO DE CONTROL
- campo de control: 3094
003 - IDENTIFICADOR DEL NÚMERO DE CONTROL
- campo de control: BNPHU
005 - FECHA Y HORA DE LA ÚLTIMA TRANSACCIÓN
- campo de control: 20240226143821.0
008 - DATOS DE LONGITUD FIJA
- campo de control de longitud fija: 200615|| aca||aabn | a|a d
040 ## - FUENTE DE LA CATALOGACIÓN
- Centro catalogador/agencia de origen: DO-SdBNP
- Lengua de catalogación: spa
- Centro/agencia transcriptor: BNPHU
- Normas de descripción: rda
100 1# - ENCABEZAMIENTO-NOMBRE DE PERSONA
- Nombre de persona: Camba, Julio,
- Fechas asociadas al nombre: 1882-1962
370 ## - LUGAR ASOCIADO
- Lugar de nacimiento: Pontevedra (España)
- Lugar de fallecimiento: Madrid (España)
374 ## - OCUPACIÓN
- Ocupación: Periodista
375 ## - GÉNERO/SEXO
- Género/Sexo: Masculino
377 ## - LENGUA/LENGUAJE ASOCIADO
- Código del idioma: spa
400 1# - TRAZADO DE VÉASE--NOMBRE DE PERSONA
- Nombre de persona: Camba, Xulio,
- Fechas asociadas al nombre: 1882-1962
400 1# - TRAZADO DE VÉASE--NOMBRE DE PERSONA
- Nombre de persona: Camba Andreu, Julio,
- Fechas asociadas al nombre: 1882-1962
670 ## - FUENTE DE DATOS ENCONTRADOS
- Cita de la fuente: Camba, Julio, 1882-1962, Playas, ciudades y montañas /, 1963.
670 ## - FUENTE DE DATOS ENCONTRADOS
- Cita de la fuente: Julio Camba, escritor novecentista, 1984,
